|
|
|
|
| LEADER |
01644nam a2200433 a 4500 |
| 001 |
000796124 |
| 003 |
CZ BrMZK |
| 005 |
20051114140840.0 |
| 007 |
ta |
| 008 |
051107s1992 xr erp 000 0 cze |
| 015 |
|
|
|a cnb000535172
|
| 020 |
|
|
|a 80-85467-28-3
|q (brož.)
|
| 035 |
|
|
|a (OCoLC)187295320
|
| 040 |
|
|
|a BOA001
|b cze
|
| 043 |
|
|
|a e-xr---
|
| 072 |
|
7 |
|a 792
|x Divadlo. Divadelní představení
|2 Konspekt
|9 3
|
| 072 |
|
7 |
|a 37.016
|x Učební osnovy. Vyučovací předměty. Učebnice
|2 Konspekt
|9 22
|
| 080 |
|
|
|a 792.97
|2 MRF
|
| 080 |
|
|
|a 792.97.028
|2 MRF
|
| 080 |
|
|
|a (437.3)
|2 MRF
|
| 080 |
|
|
|a (075.8)
|2 MRF
|
| 100 |
1 |
|
|a Česal, Miroslav,
|d 1926-2004
|7 jk01021773
|4 aut
|
| 245 |
1 |
0 |
|a Kapitoly z historie českého loutkového divadla a české školy herectví s loutkou :
|b amatérská etapa /
|c Miroslav Česal
|
| 250 |
|
|
|a Vyd. 1.
|
| 260 |
|
|
|a Jinočany :
|b H+H,
|c 1992
|
| 300 |
|
|
|a 131 s. ;
|c 21 cm
|
| 500 |
|
|
|a Název z obálky
|
| 500 |
|
|
|a Nad názvem: Akademie múzických umění, Fakulta divadelní
|
| 521 |
8 |
|
|a Určeno pro posluchače divadelní fakulty
|
| 650 |
0 |
7 |
|a loutkové divadlo
|7 ph122454
|z Česko
|2 czenas
|
| 650 |
0 |
7 |
|a loutkové divadlo
|7 ph122454
|x dějiny
|2 czenas
|
| 650 |
0 |
7 |
|a loutkoherectví
|7 ph122452
|z Česko
|2 czenas
|
| 650 |
0 |
7 |
|a loutkoherectví
|7 ph122452
|x dějiny
|2 czenas
|
| 655 |
|
7 |
|a učebnice vysokých škol
|7 fd133772
|2 czenas
|
| 710 |
2 |
|
|a Akademie múzických umění v Praze.
|b Divadelní fakulta
|7 kn20010709001
|
| 910 |
2 |
|
|a BOA001
|b 2-1159.659
|
| 990 |
|
|
|a BK
|
| 991 |
|
|
|b 200511
|
| 996 |
6 |
|
|b 2610262449
|c 2-1159.659
|l MZK
|r Sklad / do 1 hodiny
|n 8
|p p.v.
|w 000796124
|u 000010
|a 1
|e BOA001
|j MZK50
|s P
|